The Loughborough report 2009 (Record no. 112348)
[ view plain ]
| 000 -LEADER | |
|---|---|
| fixed length control field | 01358cad a22002295a 4500 |
| 001 - CONTROL NUMBER | |
| control field | L153048 |
| 008 - FIXED-LENGTH DATA ELEMENTS--GENERAL INFORMATION | |
| fixed length control field | 110527s2009 xxkad f v 000 0 eng d |
| 035 ## - SYSTEM CONTROL NUMBER | |
| System control number | (Sirsi) u153048 |
| 041 ## - LANGUAGE CODE | |
| Language code of text/sound track or separate title | eng |
| 050 04 - LIBRARY OF CONGRESS CALL NUMBER | |
| Classification number | 346.4104342 $2 18 |
| 100 1# - MAIN ENTRY--PERSONAL NAME | |
| Personal name | Calvert, John |
| 245 04 - TITLE STATEMENT | |
| Title | The Loughborough report 2009 |
| Remainder of title | commercial property service charges |
| Medium | [electronic resource] |
| 260 ## - PUBLICATION, DISTRIBUTION, ETC. | |
| Place of publication, distribution, etc. | Loughborough |
| Name of publisher, distributor, etc. | Loughborough University Enterprises |
| Date of publication, distribution, etc. | 2009 |
| 520 ## - SUMMARY, ETC. | |
| Summary, etc. | Updates the expanded 2008 report (L146764) and includes more than the annual insight into into service charge costs and management performance. Looks again at how the UK multi-let office industry has responded to the RICS Code of practice: service charges in commercial property which came into force in April 2007. Also focuses on interest in service charge accounting, the impact of VAT and highlights some facts about air conditioning. |
| 590 ## - LOCAL NOTE (RLIN) | |
| Local note | KA |
| 650 24 - SUBJECT ADDED ENTRY--TOPICAL TERM | |
| Topical term or geographic name entry element | LOUGHBOROUGH REPORT ON COMMERCIAL PROPERTY SERVICE CHARGES |
| 651 #4 - SUBJECT ADDED ENTRY--GEOGRAPHIC NAME | |
| Geographic name | United Kingdom |
| Chronological subdivision | |
| 690 ## - LOCAL SUBJECT ADDED ENTRY--TOPICAL TERM (OCLC, RLIN) | |
| Topical term or geographic name as entry element | PROPERTY-COMMERCIAL PROPERTY-OFFICE PROPERTY-OFFICES |
| 690 ## - LOCAL SUBJECT ADDED ENTRY--TOPICAL TERM (OCLC, RLIN) | |
| Topical term or geographic name as entry element | PROPERTY-COMMERCIAL PROPERTY-COMMERCIAL LANDLORD AND TENANT-COMMERCIAL SERVICE CHARGES |
| 856 40 - ELECTRONIC LOCATION AND ACCESS | |
| Uniform Resource Identifier | <a href="https://www.property-solutions.co.uk/site_media/uploads/2009_loughborough_report.pdf">https://www.property-solutions.co.uk/site_media/uploads/2009_loughborough_report.pdf</a> |
| Public note | View the item free of charge at www.property-solutions.co.uk |
| 942 ## - ADDED ENTRY ELEMENTS (KOHA) | |
| Suppress in OPAC | 0 |
| Withdrawn status | Lost status | Source of classification or shelving scheme | Damaged status | Not for loan | Home library | Current library | Shelving location | Date acquired | Total Checkouts | Full call number | Barcode | Date last seen | Copy number | Price effective from | Koha item type |
|---|---|---|---|---|---|---|---|---|---|---|---|---|---|---|---|
| Dewey Decimal Classification | Virtual | Virtual | Online | 27/05/2011 | ONLINE PUBLICATION | 153048-2001 | 06/08/2019 | 1 | 06/08/2019 | Book |